| 000 | 00439nam a2200181Ia 4500 | ||
|---|---|---|---|
| 005 | 20250423100425.0 | ||
| 008 | 250422s9999 xx 000 0 und d | ||
| 020 | _a0765615266 | ||
| 050 | _aHF 5549 .5 .M63 .M5638/ | ||
| 100 | _aMiner, John B. | ||
| 245 | 0 | _aOrganizational behavior 2 | |
| 260 | _a New York | ||
| 260 | _bM.E.Sharpe Armonk | ||
| 260 | _c2005 | ||
| 300 | _a444 p | ||
| 650 | _aOrganizational behavior | ||
| 942 | _cBK | ||
| 999 |
_c33262 _d33262 |
||